| 000 | 00793nam a22001937a 4500 | ||
|---|---|---|---|
| 005 | 20251108173546.0 | ||
| 008 | 250721s2006 xx 000 0 ara d | ||
| 082 | 1 | 4 | _a956.0668/صلا |
| 100 | 1 | _aالصلابي، علي محمد | |
| 245 | 1 | 0 | _aعصر الدولة الزنكية و نجاح المشروع الإسلامي بقيادة نور الدين محمود الشهيد في مقاومة التغلغل الباطني و الغزو الصليبي / |
| 264 | 1 |
_aالقاهرة : _bمكتبة جزيرة ورد، _c2006. |
|
| 300 | _a574 ص. | ||
| 490 | 0 |
_aموسوعة الحروب الصليبية _v2 |
|
| 650 | 1 | 7 | _aالتاريخ الإسلامي |
| 650 | 1 | 7 | _aالزنكيون 1250 -1127 |
| 650 | 1 | 7 | _aالحروب الصليبية |
| 942 |
_2ddc _cBK |
||
| 999 |
_c106768 _d106768 |
||